=LDR 00000nam 2200000 4500 =001 INLIS000000000034080 =005 20141220155632.0 =006 =007 =008 ind =035 ##$$0010-061300000034080 =041 ##$$a ind =082 ##$$a F Rom K =090 ##$$a F Rom K, Hia u =100 ##$$a HIAASEN, Carl =245 ##$$a UHU, Carl Hiaasen ; alih bahasa, B. Sandra tamuwijaya =260 ##$$a 2006 $b Jakarta =300 ##$$a 328 hlm, 21 cm =650 ##$$a Fiksi Amak - anak =700 ##$$a Tamuwijaya, B. Sandra =850 ##$$a NBPNMAT =990 ##$$a 94312/BPAP-NTB/2014 =990 ##$$a 94313/BPAP-NTB/2014 =990 ##$$a 21196400/BPAP-NTB/2014